| 000 | 00427nam a2200169Ia 4500 | ||
|---|---|---|---|
| 005 | 20140403084904.0 | ||
| 008 | 140130s9999 xx 000 0 und d | ||
| 050 |
_aPZ 7 _b.R686Va 2001 |
||
| 245 |
_cRodda, Emily _aDeltora quest: the valley of the lost |
||
| 260 |
_bScholastic, _c2000 |
||
| 300 |
_a129 p. : _b ill., map ; _c20 cm. |
||
| 440 | _v1 | ||
| 521 | _aG4 | ||
| 526 | _c630 | ||
| 942 |
_cBK _2lcc |
||
| 999 |
_c40813 _d40813 |
||